00418pam a2200145 a 4500020003200000082001700032100002400049245003900073250001400112260003700126300002600163650004000189700002100229700002200250 a0070570744 (acidfree paper)00a541.3078 SHO1 aShoemaker, David P.10aExperiments in physical chemistry. a6th ed. / aNew York :bMcGraw-Hill,cc1996. axii, 778 p. :bill. ; 0aChemistry, Physical and theoretical1 aGarland, Carl W.1 aNibler, Joseph W.